000 00314 a2200121 4500
000 nam a22 7a 4500
005 20260320113436.0
020 _a9781639870066
100 _aThomas Flynn
_91132634
245 _aAbiotic and Biotic Stress in Plants
260 _bMurphy & Moore Publishing
_c2022
942 _cTEXL
999 _c1715818
_d1715818